Labyrint bolesti a jak se v něm neztratit /
Český fyzioterapeut rozebírá fenomén bolesti a sdílí své zkušenosti z pozice člověka, který sám bojuje s Bechtěrevovou nemocí. Zve na cestu vedoucí přes hlubiny vědomí, podvědomí i prožívání a odhaluje, proč bolest vnímat jako příležitost k růstu.
Uloženo v:
| Hlavní autor: | |
|---|---|
| Médium: | E-kniha |
| Jazyk: | Czech |
| Vydáno: |
V Praze :
Vyšehrad,
2025
|
| Vydání: | Vydání první |
| Témata: | |
| Tagy: |
Žádné tagy |
| LEADER | 02350cam a2200541 i 4500 | ||
|---|---|---|---|
| 001 | 312644 | ||
| 003 | CZ PrSKC | ||
| 005 | 20260601215726.0 | ||
| 007 | ta | ||
| 008 | 250226s2025 xr a e f 000 0dcze d | ||
| 015 | |a cnb003673510 | ||
| 020 | |a 9788026731092 |q (vázáno) | ||
| 035 | |a (OCoLC)1514347227 | ||
| 040 | |a ULG001 |b cze |d BOA001 |e rda | ||
| 072 | 7 | |a 616 |x Patologie. Klinická medicína |2 Konspekt | |
| 080 | |a 616.8-009.7 |2 MRF | ||
| 080 | |a 159.9 |2 MRF | ||
| 080 | |a 616.8-009.7-08 |2 MRF | ||
| 080 | |a 159.923.2 |2 MRF | ||
| 080 | |a (0.062) |2 MRF | ||
| 080 | |a (0:82-32) |2 MRF | ||
| 100 | 1 | |a Kolář, Pavel, |d 1963- |7 js20051017096 |4 aut | |
| 245 | 1 | 0 | |a Labyrint bolesti a jak se v něm neztratit / |c Pavel Kolář |
| 250 | |a Vydání první | ||
| 264 | 1 | |a V Praze : |b Vyšehrad, |c 2025 | |
| 300 | |a 222 stran : |b ilustrace (převážně barevné) ; |c 21 cm | ||
| 336 | |a text |b txt |2 rdacontent | ||
| 337 | |a bez média |b n |2 rdamedia | ||
| 338 | |a svazek |b nc |2 rdacarrier | ||
| 520 | 2 | |a Český fyzioterapeut rozebírá fenomén bolesti a sdílí své zkušenosti z pozice člověka, který sám bojuje s Bechtěrevovou nemocí. Zve na cestu vedoucí přes hlubiny vědomí, podvědomí i prožívání a odhaluje, proč bolest vnímat jako příležitost k růstu. | |
| 650 | 0 | 7 | |a bolest |7 ph118958 |2 czenas |
| 650 | 0 | 7 | |a bolest |7 ph118958 |x psychologické aspekty |2 czenas |
| 650 | 0 | 7 | |a terapie bolesti |7 ph135067 |2 czenas |
| 650 | 0 | 7 | |a sebepoznání |7 ph116116 |2 czenas |
| 650 | 0 | 9 | |a pain |2 eczenas |
| 650 | 0 | 9 | |a pain |x psychological aspects |2 eczenas |
| 650 | 0 | 9 | |a pain therapy |2 eczenas |
| 650 | 0 | 9 | |a self-consciousness |2 eczenas |
| 655 | 7 | |a populárně-naučné publikace |7 fd131864 |2 czenas | |
| 655 | 7 | |a příběhy |7 fd133204 |2 czenas | |
| 655 | 9 | |a popular works |2 eczenas | |
| 655 | 9 | |a stories |2 eczenas | |
| 900 | |a ABA001 |b 19 | ||
| 928 | 9 | |a Albatros Media - Vyšehrad | |
| 044 | |a xr | ||
| 910 | |a RBIT002 | ||
| 998 | |d 417470 |a https://core.palmknihy.cz/api/books/417470/cover?ss4n0f |b https://core.palmknihy.cz/api/books/417470/cover/400?ss4n0f |c https://core.palmknihy.cz/api/books/417470/cover/50?ss4n0f |e 2029-12-31 |g 224 |i 9788026731092 |j https://core.palmknihy.cz/api/books/417470/preview.epub |k https://core.palmknihy.cz/api/books/417470/preview.pdf |l |q 49 |r 1 |s https://www.palmknihy.cz/kniha/417470 |t ebook |y 2025 |z 0 | ||
| 999 | |d 312642 | ||